History Quiz

Random History or Clickable Quiz

'A' British historical people (click) Quiz Stats

 Plays Quiz not verified by Sporcle

Score 0/20 Timer 05:00
0 Plays Today
% Correct
Austen, Jane
93.9%
Abbott, Diane
89.7%
Ashley, Laura
88.5%
Attenborough, Richard
86.8%
Attlee, Clement
84.9%
Asquith, Herbert
77.7%
Amis, Kingsley
75.2%
Arkwright, Richard
62.3%
Alcock, John
48.5%
Adam, Robert
43.6%
% Correct
Arne, Thomas
40.6%
Allenby, Edmund
40.6%
Arnold, Thomas
39.5%
Arundel, Thomas
36.1%
Aske, Robert
31.9%
Auchinleck, Claude
29.2%
Alexander, Harold
27%
Anson, George
25.8%
Amery, John
22.6%
Adams, William
22.5%

You're not logged in!

Compare scores with friends on all Sporcle quizzes.
OR
Log In

Sporcle TV

Today on Sporcle TV


Watch our educational content, quiz creation guides, and fun videos on Sporcle TV.

Show Comments

Extras

Created Jan 23, 2015ReportNominate
Tags:Clickable Quiz, British

Top Quizzes Today


Score Distribution

Your Account Isn't Verified!

In order to create a playlist on Sporcle, you need to verify the email address you used during registration. Go to your Sporcle Settings to finish the process.

Report this User

Report this user for behavior that violates our Community Guidelines.

Details: